00525nam a22001697a 450000100060000000300090000600500170001500700060003200800450003804000220008324501040010526000670020930000200027670000180029670000230031470000180033700115DO-SdBNP20160321144448.000115160321b pr 1995 ||||| |||| 00| 0 spa d aBPMSUbspacBPMSU04aLos principios de calidad total :balternativas para el mejoramiento /cJames Cunningham. [e.t....] aPuerto Rico :bNational School Services of Puerto Rico,c1995. a87 p. :c28 cm.10aLutzow, James10aMueller, Siegfried10aRivera, Julio